| 000 | 01585nam a22001937a 4500 | ||
|---|---|---|---|
| 010 | _aENG-112095 | ||
| 020 |
_a9788132113737 _c850.00 |
||
| 035 | _aEN-95627 | ||
| 037 | _bDBAD/PUB | ||
| 082 | _a330 | ||
| 100 | _a Subramanian, S. | ||
| 245 |
_aEssays in economics and other cheerful themes : _cby S. Subramanian _ba dismal scientist’s occasional reflections of the world around him / |
||
| 260 |
_aNew Delhi _bSage Publications _c2014 |
||
| 270 |
_aBI/I-1 Mohan Coperative Industrial Area, Mathura Road _bNew Delhi _e110044 |
||
| 300 |
_axxiii,203p. _c22cm(Hb) |
||
| 505 | _aWell-being and the world today -- Global poverty, inequality, and aid flows : a rough guide to some simple justice -- The status of the child in India -- Human development and human rights -- Inclusive development and the quintile income statistic -- Reprisal without rectitude -- Moral catastrophes and immoral reasoning -- Looking back and ahead -- Examining the creamy layer principle -- On headcount poverty comparisons -- Thinking through justice -- Are egalitarians really vulnerable to the levelling-down objection and the divided -- Can we possibly subscribe to both liberty and equality at one and the same time? -- A curmudgeon’s complaints -- Jai ho, jeeves! an advanced sociological analysis of slumdog millionaire -- Language and representation or, more modestly, mathematical economics and poverty -- Writing economics in exactly 300 words: two samples in the tradition of J.B. Morton (beachcomber). | ||
| 650 |
_aEconomics _vPopular works |
||
| 942 |
_2ddc _cEN _mSUB _h330 |
||
| 999 |
_c91238 _d91238 |
||